000 01275cam a2200361 a 4500
001 2144027
003 OSt
005 20140310181642.0
008 981008r19991900nyu 000 1 eng
010 _a 98041019
020 _a0883017547
040 _aDLC
_cDLC
_dDLC
043 _ae-uk---
_aa-io---
050 0 0 _aPR 6005
_b.C754 1984
082 0 0 _aKF
_bC76l 1984
100 1 _aConrad, Joseph,
_d1857-1924.
_95963
245 1 0 _aLord Jim /
_cJoseph Conrad.
260 _aMineola, N.Y. :
_bacademic industries,
_c1984.
300 _avi, 246 p. ;
_c21 cm.
440 0 _aDover thrift editions
_92837
541 _j1
562 _efor circulation. 1copy available in the collection
650 0 _aMerchant marine
_xOfficers
_vFiction.
_95964
650 0 _aBritish
_zIndonesia
_vFiction.
_95965
650 0 _aCowardice
_vFiction.
_95966
650 0 _aAtonement
_vFiction.
_95967
651 0 _aIndonesia
_vFiction.
_95968
655 7 _aPsychological fiction.
_2lcsh
_92883
856 4 2 _3Publisher description
_uhttp://www.loc.gov/catdir/description/dover032/98041019.html
906 _a7
_bcbc
_corignew
_d1
_eocip
_f19
_gy-gencatlg
942 _2lcc
_cBK-KF
_kKF
999 _c832
_d832